| 000 -LEADER |
| fixed length control field |
00352nam a22001337a 4500 |
| 008 - FIXED-LENGTH DATA ELEMENTS--GENERAL INFORMATION |
| fixed length control field |
201223b ||||| |||| 00| 0 eng d |
| 082 ## - DEWEY DECIMAL CLASSIFICATION NUMBER |
| Edition number |
23rd Ed. |
| Classification number |
294.592 |
| Item number |
PAT |
| 100 ## - MAIN ENTRY--PERSONAL NAME |
| Personal name |
Patil, Dr Archana |
| 245 ## - TITLE STATEMENT |
| Title |
Shrimad Bhagwad Geeta |
| 260 ## - PUBLICATION, DISTRIBUTION, ETC. (IMPRINT) |
| Place of publication, distribution, etc. |
Maharashtra |
| Name of publisher, distributor, etc. |
DR Archana Patil |
| Date of publication, distribution, etc. |
2007 |
| 300 ## - PHYSICAL DESCRIPTION |
| Extent |
211p |
| Dimensions |
22cm |
| 650 ## - SUBJECT ADDED ENTRY--TOPICAL TERM |
| Source of heading or term |
Bhagawadgeeta |
| 942 ## - ADDED ENTRY ELEMENTS (KOHA) |
| Source of classification or shelving scheme |
|
| Koha item type |
Books |